La insuficiencia del patrimonio fideicomitido en el marco del Código Civil y Comercial de la Nación (Registro nro. 30506)

Detalles MARC
000 -LEADER
fixed length control field 00439 a2200121 4500
001 - CONTROL NUMBER
control field ART_41158
005 - DATE AND TIME OF LATEST TRANSACTION
control field 20260410161952.0
008 - FIXED-LENGTH DATA ELEMENTS--GENERAL INFORMATION
fixed length control field 260409a
100 1# - MAIN ENTRY--PERSONAL NAME
Personal name Peretti, María Victoria
245 10 - TITLE STATEMENT
Title La insuficiencia del patrimonio fideicomitido en el marco del Código Civil y Comercial de la Nación
700 1# - ADDED ENTRY--PERSONAL NAME
Personal name Junyent Bas, Francisco
773 0# - HOST ITEM ENTRY
Title Temas de derecho comercial
Related parts - Año 3, Nº 2 (feb. 2017)
Record control number REV28151

No hay ítems disponibles.